000 00249nam a2200097Ia 4500
001 693056
005 20250826161907.0
008 250824s9999 xx 000 0 und d
245 0 _aESKİCİ VE OĞULLARI/O.KEMAL/EVEREST
_cORHAN KEMAL
260 _bEVEREST
999 _c693056
_d693056